[Event "RA  National Capital op"]
[Site "Ottawa CAN"]
[Date "2023.11.04"]
[Round "3.6"]
[White "Leung, Joseph"]
[Black "Latorre, Vincent"]
[Result "0-1"]
[WhiteElo "1902"]
[BlackElo "2239"]
[PlyCount "36"]
[EventDate "2023.11.03"]
[EventType "swiss"]
[EventRounds "5"]
[EventCountry "CAN"]

1. e4 g6 2. d4 Bg7 3. Nc3 d6 4. Be3 a6 5. Qd2 b5 6. f3 Nd7 7. a4 b4 8. Nd1 a5
9. c4 Ngf6 10. Bd3 O-O 11. Ne2 e5 12. O-O Ba6 13. b3 Nh5 14. Bh6 Bxh6 15. Qxh6
exd4 16. Nxd4 Qf6 17. Qe3 Nf4 18. Be2 Nxe2+ 0-1

[Event "RA  National Capital op"]
[Site "Ottawa CAN"]
[Date "2023.11.04"]
[Round "3.7"]
[White "Kot, Emanuel"]
[Black "Guillemette, Hugo"]
[Result "1/2-1/2"]
[WhiteElo "2160"]
[BlackElo "2097"]
[PlyCount "144"]
[EventDate "2023.11.03"]
[EventType "swiss"]
[EventRounds "5"]
[EventCountry "CAN"]

1. e4 c5 2. Nf3 e6 3. d4 cxd4 4. Nxd4 Nc6 5. Nc3 Qc7 6. Be2 a6 7. Be3 Nf6 8.
O-O Bb4 9. Na4 Be7 10. Nxc6 bxc6 11. Nb6 Rb8 12. Nxc8 Qxc8 13. Bd4 c5 14. Be5
Rb6 15. Qd3 d6 16. Bc3 O-O 17. Rad1 Nd7 18. Qg3 g6 19. Rd2 Qc6 20. Qf4 e5 21.
Qe3 Nf6 22. Bf3 Rc8 23. g3 c4 24. Bg2 Rb5 25. Rfd1 Qb7 26. h3 Nd7 27. Rd5 Nc5
28. b3 cxb3 29. cxb3 Qc7 30. Rc1 Ne6 31. Bb2 Qb8 32. Rxc8+ Qxc8 33. Rxb5 axb5
34. Bf1 Qc2 35. Qe2 Qb1 36. Bc3 b4 37. Bxb4 Nd4 38. Qa6 Nf3+ 39. Kh1 Qxe4 40.
Qd3 Qxb4 41. Qxf3 e4 42. Qd1 Qc5 43. Kg2 d5 44. Qe2 Qc6 45. Qa6 Qxa6 46. Bxa6
d4 47. g4 Kg7 48. f3 f5 49. gxf5 gxf5 50. fxe4 fxe4 51. Bb7 e3 52. Kf3 Kf6 53.
Be4 h6 54. a4 Bb4 55. Bd3 Ke5 56. Bc4 Bc3 57. Bd3 Kd5 58. Kg4 Kc5 59. Kf3 Kb4
60. Bc4 Ka3 61. Ke2 Kb2 62. Kd3 Kc1 63. Ke2 Kc2 64. b4 Bxb4 65. Bd3+ Kb3 66.
Bb5 Bc3 67. Be8 Kb4 68. Bd7 Kc5 69. Be8 Kd5 70. Bg6 Ke5 71. Kf3 Kf6 72. Bd3 Kg5
{And drawn in a few moves.} 1/2-1/2

[Event "RA  National Capital op"]
[Site "Ottawa CAN"]
[Date "2023.11.04"]
[Round "3.8"]
[White "Stopic, Alexander"]
[Black "Xu, Daniel"]
[Result "0-1"]
[WhiteElo "1930"]
[BlackElo "2376"]
[PlyCount "66"]
[EventDate "2023.11.03"]
[EventType "swiss"]
[EventRounds "5"]
[EventCountry "CAN"]

1. c4 Nf6 2. Nc3 g6 3. d4 Bg7 4. e4 d6 5. Nf3 O-O 6. Be2 e5 7. d5 a5 8. O-O Na6
9. Ne1 Ne8 10. Be3 f5 11. f3 f4 12. Bf2 g5 13. Nd3 Rf7 14. c5 Bf8 15. Rc1 Rg7
16. cxd6 Bxd6 17. Nb5 h5 18. Qb3 g4 19. Nxd6 cxd6 20. Bb6 Qh4 21. Rxc8 Rxc8 22.
Bxa5 Qe7 23. Rd1 Nf6 24. a4 Kh7 25. Qa3 h4 26. fxg4 Nxg4 27. Bf3 Ne3 28. Rb1 h3
29. g3 Nc2 30. Qb3 Nd4 31. Qd1 fxg3 32. Bg4 gxh2+ 33. Kxh2 Qh4 0-1

[Event "RA  National Capital op"]
[Site "Ottawa CAN"]
[Date "2023.11.04"]
[Round "3.9"]
[White "Azar, Sebastien"]
[Black "Rousskikh, Maxim"]
[Result "0-1"]
[WhiteElo "2253"]
[BlackElo "1995"]
[PlyCount "46"]
[EventDate "2023.11.03"]
[EventType "swiss"]
[EventRounds "5"]
[EventCountry "CAN"]

1. e4 c6 2. d4 d5 3. e5 Bf5 4. Nf3 e6 5. Be2 c5 6. Be3 Nc6 7. dxc5 Nge7 8. Nc3
a6 9. Na4 Qc7 10. c4 Rd8 11. Nb6 d4 12. Bg5 d3 13. Bf1 Nxe5 14. Qa4+ N5c6 15.
O-O-O h6 16. Be3 g6 17. Nd4 Bg7 18. Nxf5 Nxf5 19. Bd2 O-O 20. Qa3 Qe5 21. Kb1
Qd4 22. f3 Qf2 23. Be1 Qc2+ 0-1

[Event "RA  National Capital op"]
[Site "Ottawa CAN"]
[Date "2023.11.05"]
[Round "4.4"]
[White "Xu, Daniel"]
[Black "Kot, Emanuel"]
[Result "1/2-1/2"]
[WhiteElo "2376"]
[BlackElo "2160"]
[PlyCount "69"]
[EventDate "2023.11.03"]
[EventType "swiss"]
[EventRounds "5"]
[EventCountry "CAN"]

1. e4 c5 2. Nf3 d6 3. d4 cxd4 4. Nxd4 Nf6 5. Nc3 Nc6 6. Bg5 Bd7 7. Qd2 Rc8 8.
f4 Nxd4 9. Qxd4 Qa5 10. e5 dxe5 11. fxe5 e6 12. O-O-O Bc5 13. Qd3 Nd5 14. Nxd5
exd5 15. Qxd5 Bc6 16. Qb3 O-O 17. Bc4 Bb4 18. Qg3 Be4 19. Rd4 Bg6 20. Kb1 Qc5
21. Qe3 b5 22. Bd3 Bd2 23. Qxd2 Qxd4 24. Bxg6 Qxd2 25. Bxh7+ Kxh7 26. Bxd2 Rfe8
27. Bc3 Rc4 28. a3 Rd8 29. Rf1 Rd7 30. Kc1 Kg6 31. Rf3 Rg4 32. Rf2 Rc4 33. Rf3
Rg4 34. Rf2 Rc4 35. Rf3 1/2-1/2

[Event "RA  National Capital op"]
[Site "Ottawa CAN"]
[Date "2023.11.05"]
[Round "4.6"]
[White "Joseph, Jonath"]
[Black "Campbell, Ryan"]
[Result "1-0"]
[WhiteElo "2110"]
[BlackElo "2260"]
[PlyCount "85"]
[EventDate "2023.11.03"]
[EventType "swiss"]
[EventRounds "5"]
[EventCountry "CAN"]

1. e4 c6 2. Nf3 d5 3. Nc3 Bg4 4. h3 Bxf3 5. Qxf3 e6 6. Be2 d4 7. Nb1 Ne7 8. c3
c5 9. cxd4 Qxd4 10. Nc3 Nbc6 11. d3 Ne5 12. Qg3 N7c6 13. O-O h5 14. Be3 h4 15.
Qh2 Qd7 16. Rad1 a6 17. f4 Ng6 18. e5 Nd4 19. Bg4 Ne7 20. Bxd4 Qxd4+ 21. Kh1 g6
22. Rfe1 Qb4 23. Re2 Nc6 24. g3 hxg3 25. Qxg3 O-O-O 26. Ne4 Be7 27. Rc1 Rd4 28.
a3 Qb5 29. Rc3 Rhd8 30. Re3 Qxb2 31. Qe1 Kb8 32. Bf3 Ra4 33. Re2 Qb5 34. Qc1
Qa5 35. Rb2 Ka8 36. Nxc5 Rxf4 37. Nxb7 Qxe5 38. Bxc6 Rc8 39. Nd6+ Rxc6 40. Rxc6
Qd5+ 41. Kh2 Rf2+ 42. Rxf2 Bxd6+ 43. Rxd6 1-0

[Event "RA  National Capital op"]
[Site "Ottawa CAN"]
[Date "2023.11.05"]
[Round "4.7"]
[White "Guillemette, Hugo"]
[Black "Moses, Neil"]
[Result "0-1"]
[WhiteElo "2097"]
[BlackElo "2179"]
[PlyCount "76"]
[EventDate "2023.11.03"]
[EventType "swiss"]
[EventRounds "5"]
[EventCountry "CAN"]

1. e4 c5 2. Nf3 Nc6 3. Bb5 e6 4. Bxc6 bxc6 5. d3 Ne7 6. O-O Ng6 7. Ng5 f6 8.
Nh3 d5 9. Qh5 Bd6 10. f4 O-O 11. Nc3 Bd7 12. Kh1 Be8 13. Qe2 Qd7 14. Bd2 f5 15.
Rae1 Bf7 16. b3 Rad8 17. Rd1 Kh8 18. Na4 e5 19. fxe5 Nxe5 20. exf5 Rde8 21. Ng5
Nc4 22. Nxf7+ Rxf7 23. Qf2 Nxd2 24. Qxd2 Rxf5 25. Rde1 Rh5 26. h3 h6 27. Qf2
Rf8 28. Qe2 Rhf5 29. Rxf5 Qxf5 30. Qe3 d4 31. Qg1 Qf4 32. c3 Qg3 33. cxd4 cxd4
34. Nb2 Rf2 35. Nc4 Bc7 36. a4 Kh7 37. Rd1 Rf4 38. b4 Rf3 0-1

[Event "RA  National Capital op"]
[Site "Ottawa CAN"]
[Date "2023.11.05"]
[Round "4.8"]
[White "Jolicoeur, Jacob"]
[Black "Latreille, Etienne"]
[Result "0-1"]
[WhiteElo "1894"]
[BlackElo "2145"]
[PlyCount "80"]
[EventDate "2023.11.03"]
[EventType "swiss"]
[EventRounds "5"]
[EventCountry "CAN"]

1. e4 c5 2. b3 g6 3. Bb2 Nf6 4. Qf3 d6 5. Bb5+ Nbd7 6. Bxf6 exf6 7. Qd3 a6 8.
Bxd7+ Bxd7 9. Nc3 Bc6 10. Nd5 Bg7 11. Ne2 f5 12. Rd1 fxe4 13. Qxe4+ Kd7 14. Qf3
f5 15. O-O Qa5 16. c4 Rae8 17. Rfe1 Qxa2 18. g4 Qc2 19. Ng3 Rxe1+ 20. Rxe1 Be5
21. gxf5 Qxd2 22. Rd1 Bxd5 23. Qxd5 Qxd5 24. Rxd5 gxf5 25. Nxf5 Rg8+ 26. Kh1
Rf8 27. Nh6 Rxf2 28. Kg1 Rb2 29. Ng4 Bd4+ 30. Kh1 Rxb3 31. Rh5 b5 32. Rxh7+ Kc6
33. Ra7 bxc4 34. Rxa6+ Kd5 35. h3 Rxh3+ 36. Nh2 Be5 37. Kg1 Rxh2 38. Ra3 Rb2
39. Re3 c3 40. Rd3+ Bd4+ 0-1

[Event "RA  National Capital op"]
[Site "Ottawa CAN"]
[Date "2023.11.05"]
[Round "4.9"]
[White "Wang, Derek"]
[Black "Desjardins, Michel"]
[Result "1-0"]
[WhiteElo "2094"]
[BlackElo "1884"]
[PlyCount "65"]
[EventDate "2023.11.03"]
[EventType "swiss"]
[EventRounds "5"]
[EventCountry "CAN"]

1. Nf3 d5 2. d4 Nf6 3. c4 c6 4. Nc3 a6 5. cxd5 cxd5 6. Bf4 Nc6 7. e3 Bf5 8. Bd3
Bxd3 9. Qxd3 e6 10. O-O Bd6 11. Bxd6 Qxd6 12. Rfc1 O-O 13. Na4 Nd7 14. a3 Rfb8
15. Nd2 h6 16. Nc5 Nxc5 17. dxc5 Qe5 18. b4 d4 19. Nc4 Qf5 20. Qxf5 exf5 21.
Nb6 Ra7 22. exd4 Nxd4 23. Rd1 Ne6 24. Rac1 a5 25. b5 a4 26. Rc4 Ra5 27. Rb1 Rd8
28. g4 Nc7 29. c6 bxc6 30. bxc6 Rd3 31. Nd7 Rxa3 32. Rb8+ Kh7 33. Nf8+ 1-0

[Event "RA  National Capital op"]
[Site "Ottawa CAN"]
[Date "2023.11.05"]
[Round "5.2"]
[White "Sambuev, Bator"]
[Black "Latorre, Vincent"]
[Result "1/2-1/2"]
[WhiteElo "2575"]
[BlackElo "2239"]
[PlyCount "128"]
[EventDate "2023.11.03"]
[EventType "swiss"]
[EventRounds "5"]
[EventCountry "CAN"]

1. Nf3 Nf6 2. c4 e6 3. Nc3 c5 4. g3 b6 5. Bg2 Bb7 6. O-O d6 7. Re1 Be7 8. e4
O-O 9. d4 cxd4 10. Nxd4 Qc8 11. Be3 a6 12. Rc1 Nbd7 13. f4 Rd8 14. g4 Nc5 15.
Bf2 e5 16. Nf5 Bf8 17. Nd5 Nxd5 18. cxd5 a5 19. fxe5 dxe5 20. Bg3 Re8 21. Qf3
Qd7 22. g5 Bc8 23. Rf1 Qa7 24. Rcd1 Bxf5 25. Qxf5 Bd6 26. h4 Qd7 27. Qf3 Rf8
28. Qe2 Rae8 29. Kh2 Qe7 30. Rf5 g6 31. Rff1 f5 32. gxf6 Rxf6 33. Rxf6 Qxf6 34.
Qb5 Qd8 35. Rf1 Rf8 36. Rxf8+ Kxf8 37. Qc6 Qc7 38. Qb5 Kg7 39. Bf2 Be7 40. Bg3
Nd7 41. a3 Nf6 42. Qc6 Qxc6 43. dxc6 Bd6 44. b4 axb4 45. axb4 Bc7 46. Be1 Kf7
47. Kg3 Ke6 48. b5 Nh5+ 49. Kg4 Nf4 50. Bf1 Kf6 51. Bb4 h5+ 52. Kg3 Ne6 53. Bc4
Nd8 54. Kf3 Nf7 55. Bd2 g5 56. hxg5+ Nxg5+ 57. Ke3 h4 58. Be1 h3 59. Bg3 Ke7
60. Be2 Kd6 61. Bg4 Kc5 62. Bd7 Kc4 63. Bh2 Kc5 64. Bg3 Kc4 1/2-1/2

[Event "RA  National Capital op"]
[Site "Ottawa CAN"]
[Date "2023.11.05"]
[Round "5.3"]
[White "Moses, Neil"]
[Black "Joseph, Jonath"]
[Result "0-1"]
[WhiteElo "2179"]
[BlackElo "2110"]
[PlyCount "114"]
[EventDate "2023.11.03"]
[EventType "swiss"]
[EventRounds "5"]
[EventCountry "CAN"]

1. e4 e5 2. Ne2 Nf6 3. d4 d5 4. dxe5 Nxe4 5. Ng3 Nxg3 6. hxg3 c6 7. Be3 Qe7 8.
Qd4 Nd7 9. f4 f6 10. Bd3 fxe5 11. fxe5 Nxe5 12. Kd2 Qb4+ 13. Nc3 Qxd4 14. Bxd4
Nxd3 15. cxd3 Bf5 16. Rae1+ Kd7 17. Re5 Bg6 18. Ne2 Bb4+ 19. Bc3 Bxc3+ 20. bxc3
Rae8 21. Rg5 Rhf8 22. Nf4 Rf6 23. Rh4 Rf5 24. Rxf5 Bxf5 25. Rh5 Rf8 26. Ke3 h6
27. Rh1 Re8+ 28. Kd2 Kc7 29. Rf1 Bg4 30. Rf2 Kd6 31. Nh3 Re7 32. Ng1 Bh5 33.
Nf3 Rf7 34. Ke3 g5 35. Rb2 Re7+ 36. Kd2 Bxf3 37. gxf3 h5 38. Rb1 h4 39. gxh4
gxh4 40. Rh1 Rh7 41. Ke3 Ke5 42. f4+ Kf5 43. Kf3 h3 44. Rh2 c5 45. a4 b6 46.
Kg3 a6 47. Kf3 b5 48. axb5 axb5 49. Kg3 b4 50. cxb4 cxb4 51. Kf3 b3 52. Kg3 Rh8
53. Rh1 h2 54. Kg2 b2 55. d4 Rh7 56. Kf3 b1=Q 57. Rxb1 h1=Q+ 0-1

[Event "RA  National Capital op"]
[Site "Ottawa CAN"]
[Date "2023.11.05"]
[Round "5.5"]
[White "Latreille, Etienne"]
[Black "Xu, Daniel"]
[Result "1/2-1/2"]
[WhiteElo "2145"]
[BlackElo "2376"]
[PlyCount "91"]
[EventDate "2023.11.03"]
[EventType "swiss"]
[EventRounds "5"]
[EventCountry "CAN"]

1. e4 c5 2. Nf3 d6 3. Bb5+ Nd7 4. a4 Ngf6 5. Nc3 g6 6. O-O Bg7 7. Re1 O-O 8. a5
a6 9. Bf1 b5 10. axb6 Nxb6 11. d4 cxd4 12. Nxd4 Bb7 13. Nb3 Qc7 14. Na5 Rfc8
15. Ra3 Nfd7 16. Be3 Nc5 17. Qa1 Nbd7 18. Nd5 Bxd5 19. exd5 Ne5 20. Kh1 Ng4 21.
Nc6 Nxe3 22. Raxe3 e6 23. Qa2 a5 24. Bc4 e5 25. Ra3 f5 26. f3 e4 27. Rf1 Re8
28. b4 Nb7 29. bxa5 Nc5 30. Qb1 exf3 31. gxf3 Bh6 32. Qd1 Be3 33. a6 f4 34. Nd4
Qb6 35. Ne6 Qb4 36. Rxe3 fxe3 37. Qd4 Nxe6 38. dxe6 Re7 39. c3 Qc5 40. Qe4 Rc8
41. Bd5 Qxc3 42. a7 e2 43. Qxe2 Qa5 44. a8=Q Rxa8 45. Bxa8 Qxa8 46. Re1 1/2-1/2

[Event "RA  National Capital op"]
[Site "Ottawa CAN"]
[Date "2023.11.05"]
[Round "5.7"]
[White "Sowa, Ryan"]
[Black "Wang, Derek"]
[Result "1-0"]
[WhiteElo "2304"]
[BlackElo "2094"]
[PlyCount "115"]
[EventDate "2023.11.03"]
[EventType "swiss"]
[EventRounds "5"]
[EventCountry "CAN"]

1. d4 d5 2. Nc3 Nf6 3. Bf4 c5 4. e4 dxe4 5. dxc5 Qxd1+ 6. Rxd1 a6 7. Na4 Nbd7
8. b4 e6 9. a3 Be7 10. Bc4 O-O 11. Ne2 Bd8 12. Bb3 Nb8 13. Rxd8 Rxd8 14. Nb6 e5
15. Bxe5 Nfd7 16. Bc7 Nxb6 17. Bxd8 N6d7 18. Bc7 Nf6 19. Be5 Ng4 20. Bxb8 Rxb8
21. h3 Nf6 22. Nc3 Bf5 23. Ke2 b6 24. cxb6 Rxb6 25. Rd1 Kf8 26. Nd5 Nxd5 27.
Bxd5 e3 28. c4 exf2 29. Kxf2 Ke7 30. c5 Rb8 31. Bc4 Bc8 32. Rd6 a5 33. b5 Bd7
34. Rb6 Rxb6 35. cxb6 Kd8 36. Ke3 Kc8 37. Kd4 f6 38. Kc5 Bf5 39. Bd5 Bd3 40.
Bc6 g5 41. Kd6 f5 42. Ke5 h6 43. Kf6 g4 44. h4 f4 45. Ke5 f3 46. gxf3 g3 47. f4
Bxb5 48. Bg2 Kd7 49. b7 Kc7 50. f5 Ba6 51. f6 Bc4 52. Kf4 a4 53. Kxg3 Bb3 54.
Kf4 Bf7 55. Ke5 h5 56. Bd5 Bg6 57. Ke6 Be8 58. f7 1-0

[Event "RA  National Capital op"]
[Site "Ottawa CAN"]
[Date "2023.11.05"]
[Round "5.8"]
[White "Kot, Emanuel"]
[Black "Gao, Lucy"]
[Result "1-0"]
[WhiteElo "2160"]
[BlackElo "1896"]
[PlyCount "69"]
[EventDate "2023.11.03"]
[EventType "swiss"]
[EventRounds "5"]
[EventCountry "CAN"]

1. e4 c5 2. Nf3 g6 3. c3 d5 4. e5 a6 5. d4 Nc6 6. h3 Bg7 7. Bd3 f6 8. exf6 Nxf6
9. O-O O-O 10. Be3 Nh5 11. Re1 Qb6 12. Qb3 Qxb3 13. axb3 Bxh3 14. dxc5 Nf4 15.
Bf1 Bg4 16. Nbd2 e5 17. b4 d4 18. cxd4 exd4 19. Bxf4 Rxf4 20. b3 Nxb4 21. Ra4
a5 22. Rea1 d3 23. Rxa5 Rxa5 24. Rxa5 Bb2 25. Ra7 Rf7 26. Ra4 Bxf3 27. Nxf3 Bc3
28. Ra3 d2 29. Nxd2 Bxd2 30. Bc4 Kg7 31. Bxf7 Kxf7 32. Ra7 Nd3 33. Rxb7+ Ke6
34. c6 Bf4 35. Rxh7 1-0

[Event "RA December op"]
[Site "Ottawa CAN"]
[Date "2023.12.08"]
[Round "1.1"]
[White "Sambuev, Bator"]
[Black "Rousskikh, Maxim"]
[Result "1-0"]
[WhiteElo "2586"]
[BlackElo "2040"]
[PlyCount "133"]
[EventDate "2023.12.08"]
[EventType "swiss"]
[EventRounds "5"]
[EventCountry "CAN"]

1. d4 d5 2. c4 c6 3. Nf3 Nf6 4. e3 Bf5 5. Nc3 e6 6. Nh4 Bg6 7. Bd2 Nbd7 8. Nxg6
hxg6 9. Qc2 a6 10. g3 Qc7 11. Rc1 Rc8 12. cxd5 exd5 13. Bg2 Bd6 14. Qb3 Qb8 15.
O-O O-O 16. f3 Qa7 17. Be1 c5 18. Nxd5 cxd4 19. Bf2 Nxd5 20. Rxc8 Rxc8 21. Qxd5
dxe3 22. Qxd6 exf2+ 23. Kh1 Nf6 24. Qd2 Qc5 25. Bh3 Rc7 26. Rxf2 Rc6 27. Re2
Rd6 28. Qc2 Qd5 29. Kg2 g5 30. Bf5 g6 31. Be4 Nxe4 32. Rxe4 Qd2+ 33. Re2 Qxc2
34. Rxc2 Kg7 35. Kf2 Kf6 36. Ke3 Ke6 37. Rc7 b6 38. b4 f5 39. a4 a5 40. bxa5
bxa5 41. Ra7 Rd5 42. Ra6+ Kf7 43. h3 Kg7 44. Ra8 Kf7 45. Ra7+ Kf6 46. Ra6+ Kf7
47. f4 gxf4+ 48. Kxf4 Rd4+ 49. Kg5 f4 50. Rf6+ Kg7 51. Rxf4 Rd5+ 52. Kg4 Kh6
53. h4 Rc5 54. Rd4 Rf5 55. Rc4 Kg7 56. Kh3 Kh6 57. Kg2 Rd5 58. Kf3 Rd3+ 59. Kf4
Rb3 60. g4 Kg7 61. Kg5 Rb4 62. Rc6 Rxa4 63. Rxg6+ Kh7 64. Ra6 Ra3 65. Ra7+ Kg8
66. Kg6 Kf8 67. h5 1-0

[Event "RA December op"]
[Site "Ottawa CAN"]
[Date "2023.12.08"]
[Round "1.3"]
[White "Xu, Daniel"]
[Black "Lattafi, Youcef"]
[Result "1-0"]
[WhiteElo "2357"]
[BlackElo "2015"]
[PlyCount "43"]
[EventDate "2023.12.08"]
[EventType "swiss"]
[EventRounds "5"]
[EventCountry "CAN"]

1. e4 c6 2. d4 d5 3. exd5 cxd5 4. c4 Nf6 5. Nc3 Nc6 6. Bg5 dxc4 7. Bxc4 e6 8.
Nf3 Be7 9. O-O O-O 10. Re1 a6 11. Rc1 b5 12. Bd3 Bb7 13. Bb1 Re8 14. a3 g6 15.
Qd2 Na5 16. Qe2 Bxf3 17. Qxf3 Qxd4 18. h3 Kg7 19. Rcd1 Qc5 20. Bxf6+ Bxf6 21.
Qxf6+ Kg8 22. b4 1-0

[Event "RA December op"]
[Site "Ottawa CAN"]
[Date "2023.12.08"]
[Round "1.5"]
[White "Sowa, Ryan"]
[Black "Jiang, Barron Jiyu"]
[Result "1/2-1/2"]
[WhiteElo "2303"]
[BlackElo "1977"]
[PlyCount "160"]
[EventDate "2023.12.08"]
[EventType "swiss"]
[EventRounds "5"]
[EventCountry "CAN"]

1. e4 c5 2. Nf3 d6 3. d4 cxd4 4. Nxd4 Nf6 5. Nc3 a6 6. Be2 e5 7. Nb3 Be7 8. Be3
Be6 9. O-O O-O 10. Qd3 Nbd7 11. a4 Qc7 12. Nd5 Bxd5 13. exd5 e4 14. Qd2 Ne5 15.
Rfd1 Rac8 16. c3 Nc4 17. Bxc4 Qxc4 18. Na5 Qc7 19. c4 Ng4 20. Bd4 e3 21. fxe3
Bg5 22. b4 Rfe8 23. Ra3 Re4 24. h3 Nh6 25. Qf2 f6 26. Rf1 Rce8 27. Rc3 g6 28.
c5 dxc5 29. Rxc5 Qd7 30. Qa2 b6 31. d6+ R4e6 32. Rc7 Qxd6 33. Rc6 Qe7 34. Rxb6
Nf5 35. Rxa6 Nxd4 36. exd4 Be3+ 37. Kh1 Qf7 38. Rxe6 Rxe6 39. Qd5 Kg7 40. Nc4
Bg5 41. Ne5 Qe7 42. Nf3 Bf4 43. Qc4 Re2 44. d5 Bg3 45. Qg4 Bb8 46. Nd4 Qe5 47.
Ne6+ Kg8 48. Nf4 Re1 49. Rxe1 Qxe1+ 50. Kh2 Qxb4 51. g3 Bxf4 52. Qxf4 Qb2+ 53.
Kg1 Qa1+ 54. Kf2 Qa2+ 55. Ke3 Qxd5 56. h4 Qb3+ 57. Kf2 Qc2+ 58. Kf3 Qd3+ 59.
Kg2 Qe2+ 60. Kh3 Qe6+ 61. Qg4 f5 62. Qf4 Qe1 63. Kg2 Qe2+ 64. Kg1 Qe1+ 65. Kh2
Qe2+ 66. Kh3 Qe1 67. Qf3 Kg7 68. Kg2 Qd2+ 69. Qf2 Qd5+ 70. Kh2 Kf6 71. Qc2 Ke5
72. Qc3+ Kd6 73. a5 Qa2+ 74. Kg1 Qe2 75. Qd4+ Kc7 76. Qb6+ Kc8 77. Qc6+ Kb8 78.
Qb6+ Kc8 79. Qf2 Qd1+ 80. Kh2 Kb7 1/2-1/2

[Event "RA December op"]
[Site "Ottawa CAN"]
[Date "2023.12.08"]
[Round "1.6"]
[White "Hughes-Dupuy, Henry"]
[Black "Latorre, Vincent"]
[Result "0-1"]
[WhiteElo "1973"]
[BlackElo "2299"]
[PlyCount "56"]
[EventDate "2023.12.08"]
[EventType "swiss"]
[EventRounds "5"]
[EventCountry "CAN"]

1. d4 Nf6 2. Nf3 g6 3. g3 Bg7 4. Bg2 O-O 5. O-O d6 6. c4 c6 7. Nc3 Bf5 8. Nd2
e5 9. d5 cxd5 10. cxd5 Bd7 11. Qb3 Qc7 12. Qc4 Qb6 13. Qb3 Qa6 14. Nde4 Ne8 15.
h4 h6 16. Nd2 Nf6 17. Qc4 b5 18. Qd3 Qb7 19. a3 Rc8 20. Nde4 Ne8 21. g4 Bxg4
22. Nxb5 Qe7 23. Qg3 Bxe2 24. Nbc3 Bxf1 25. Bxf1 Nd7 26. Be3 f5 27. Bh3 Nf8 28.
Qg2 Rd8 0-1

[Event "RA December op"]
[Site "Ottawa CAN"]
[Date "2023.12.08"]
[Round "1.7"]
[White "Clyde, Jordan"]
[Black "Jolicoeur, Jacob"]
[Result "1/2-1/2"]
[WhiteElo "2258"]
[BlackElo "1936"]
[PlyCount "127"]
[EventDate "2023.12.08"]
[EventType "swiss"]
[EventRounds "5"]
[EventCountry "CAN"]

1. e4 c5 2. Nc3 e6 3. b3 a6 4. Nf3 Nc6 5. Bd3 b5 6. O-O Be7 7. Re1 Nf6 8. e5
Nd5 9. a4 Nxc3 10. dxc3 b4 11. Be4 O-O 12. Bxc6 dxc6 13. Qxd8 Rxd8 14. c4 Ra7
15. Be3 Rad7 16. Re2 f6 17. Nd2 f5 18. Nf3 h6 19. h4 Kf7 20. h5 Rd1+ 21. Re1
R1d7 22. g3 Rd4 23. Kg2 Kg8 24. Re2 Re4 25. Rd2 Rxd2 26. Bxd2 Bd7 27. Be3 Be8
28. Rh1 Bg5 29. Bxc5 Re2 30. Nd4 Rxe5 31. Bxb4 f4 32. Re1 Rxe1 33. Bxe1 fxg3
34. fxg3 Bxh5 35. Nxe6 Bf6 36. Nc5 Bd1 37. Nxa6 Bxc2 38. a5 Bxb3 39. c5 Bd8 40.
Nb8 Bc7 41. Nd7 Bc4 42. Bc3 Kf7 43. Kf3 Ke6 44. Nb6 Ba6 45. Bxg7 h5 46. Kg2 Kf7
47. Bd4 Ke6 48. Kh3 Kf5 49. Kh4 Be2 50. Kh3 Bg4+ 51. Kg2 Be2 52. Be3 Ke4 53.
Kf2 Ba6 54. Bf4 Bxf4 55. gxf4 Kxf4 56. Nd7 Ke4 57. Nb8 Bb7 58. a6 Bxa6 59. Nxa6
Kd4 60. Kg3 Kc4 61. Kh4 Kb5 62. Nb8 Kxc5 63. Kxh5 Kd5 64. Nxc6 1/2-1/2

[Event "RA December op"]
[Site "Ottawa CAN"]
[Date "2023.12.08"]
[Round "1.8"]
[White "D'Souza, Carina"]
[Black "Zhu, Matthew"]
[Result "1/2-1/2"]
[WhiteElo "1913"]
[BlackElo "2238"]
[PlyCount "95"]
[EventDate "2023.12.08"]
[EventType "swiss"]
[EventRounds "5"]
[EventCountry "CAN"]

1. e4 c5 2. Nf3 d6 3. Bb5+ Bd7 4. Bxd7+ Qxd7 5. O-O Nf6 6. Re1 Nc6 7. c3 e6 8.
d4 cxd4 9. cxd4 d5 10. e5 Ne4 11. Nbd2 Nxd2 12. Bxd2 Bb4 13. Rc1 Bxd2 14. Qxd2
O-O 15. h4 Rfc8 16. h5 h6 17. Rc3 Ne7 18. Rd3 Qc6 19. Qf4 Qc2 20. Rb3 Rc7 21.
Nh4 Nc6 22. Rg3 Kh8 23. Ree3 Qd1+ 24. Kh2 Qxd4 25. Qxd4 Nxd4 26. Rg4 Nc6 27.
Nf3 Rac8 28. Nd4 Nxd4 29. Rxd4 Rc2 30. Rf4 Kg8 31. Rb3 R8c7 32. Kg3 Re2 33. Ra4
b6 34. f4 Rec2 35. Kf3 f6 36. Rba3 fxe5 37. fxe5 Rf7+ 38. Ke3 Rxb2 39. Rxa7 Rf5
40. Ra8+ Kh7 41. Re8 Rxe5+ 42. Kd4 Re4+ 43. Kc3 Rxg2 44. Raa8 Re3+ 45. Kd4 Re4+
46. Kd3 Rg3+ 47. Kd2 Rg2+ 48. Kd3 1/2-1/2

[Event "RA December op"]
[Site "Ottawa CAN"]
[Date "2023.12.09"]
[Round "2.1"]
[White "Moses, Neil"]
[Black "Sambuev, Bator"]
[Result "0-1"]
[WhiteElo "2161"]
[BlackElo "2586"]
[PlyCount "60"]
[EventDate "2023.12.08"]
[EventType "swiss"]
[EventRounds "5"]
[EventCountry "CAN"]

1. e4 e5 2. Nf3 Nc6 3. Bb5 a6 4. Ba4 Nf6 5. O-O d6 6. c3 Bd7 7. Re1 g6 8. d4
Bg7 9. d5 Ne7 10. Bxd7+ Nxd7 11. c4 O-O 12. b4 h6 13. Nc3 f5 14. Ba3 b6 15. c5
b5 16. Rc1 Nf6 17. cxd6 cxd6 18. Qd3 Rc8 19. Nd2 Qb6 20. Qe3 Qxe3 21. fxe3 h5
22. exf5 gxf5 23. e4 Bh6 24. Ncb1 Nxe4 25. Rc6 Rc7 26. Rxc7 Rd8 27. Rc8 Rxc8
28. Nxe4 fxe4 29. Rxe4 Rc2 30. Rh4 Nxd5 0-1

[Event "RA December op"]
[Site "Ottawa CAN"]
[Date "2023.12.08"]
[Round "2.3"]
[White "Pitre, Lucas"]
[Black "Xu, Daniel"]
[Result "0-1"]
[WhiteElo "1829"]
[BlackElo "2357"]
[PlyCount "100"]
[EventDate "2023.12.08"]
[EventType "swiss"]
[EventRounds "5"]
[EventCountry "CAN"]

1. e4 c5 2. Nf3 d6 3. d4 cxd4 4. Nxd4 Nf6 5. Nc3 a6 6. Be2 e5 7. Nb3 Be7 8. Be3
Be6 9. Nd5 Nbd7 10. Qd3 Bxd5 11. exd5 O-O 12. O-O Re8 13. a4 a5 14. Nd2 Bf8 15.
Nb1 Rc8 16. Na3 Nb6 17. Bxb6 Qxb6 18. Nb5 e4 19. Qb3 e3 20. f3 h5 21. c4 g6 22.
Kh1 h4 23. Rae1 Bh6 24. Qa3 Bf4 25. Qd3 Nh5 26. Nc3 Ng3+ 27. Kg1 Nxf1 28. Rxf1
Qxb2 29. Rb1 Qd2 30. Ne4 Qxd3 31. Bxd3 Re7 32. g3 Be5 33. f4 Bd4 34. Kf1 Rd8
35. Ke2 hxg3 36. hxg3 Kg7 37. Rh1 Red7 38. Kf3 Rh8 39. Rxh8 Kxh8 40. Be2 Kg7
41. Ng5 Bc5 42. Ne4 b6 43. Nxc5 bxc5 44. Kxe3 Rb7 45. Bd1 Kf6 46. Bc2 Rb4 47.
Kd3 Kf5 48. Bd1 Rb1 49. Kc2 Rxd1 50. Kxd1 Ke4 0-1

[Event "RA December op"]
[Site "Ottawa CAN"]
[Date "2023.12.08"]
[Round "2.5"]
[White "Latorre, Vincent"]
[Black "Xu, Philip"]
[Result "1-0"]
[WhiteElo "2299"]
[BlackElo "1816"]
[PlyCount "115"]
[EventDate "2023.12.08"]
[EventType "swiss"]
[EventRounds "5"]
[EventCountry "CAN"]

1. e4 d6 2. d4 Nf6 3. Nc3 Nbd7 4. g4 h6 5. Be3 e5 6. d5 Be7 7. f3 c6 8. Qd2
cxd5 9. exd5 a6 10. O-O-O b5 11. Nge2 Bb7 12. Ng3 Rc8 13. h4 Qa5 14. Kb1 b4 15.
Nce4 Nxd5 16. Nf5 Nc3+ 17. Nxc3 bxc3 18. Nxd6+ Kf8 19. Nxb7 Qb4 20. Qc1 Qxb7
21. b3 Nb6 22. Bf2 Nd5 23. Bxa6 Qxa6 24. Rxd5 Ra8 25. a4 Rb8 26. Ka2 Rb4 27.
Bc5 Rxa4+ 28. bxa4 Qc4+ 29. Ka1 Qxd5 30. Bxe7+ Kxe7 31. Qa3+ Qd6 32. Ka2 Rb8
33. Qxd6+ Kxd6 34. Rb1 Rc8 35. Rb7 Ke6 36. Kb3 g6 37. g5 hxg5 38. hxg5 Kf5 39.
Rxf7+ Kxg5 40. Kb4 Kh4 41. a5 g5 42. a6 g4 43. fxg4 Kxg4 44. a7 e4 45. Rc7 Ra8
46. Kxc3 Kf3 47. Rd7 Ke2 48. Kb4 e3 49. Kb5 Kf2 50. Re7 e2 51. Kb6 Rf8 52. Kb7
e1=Q 53. Rxe1 Rf7+ 54. Kb6 Rf6+ 55. Kb5 Rf5+ 56. Kb4 Rf8 57. Re7 Rc8 58. Kb5
1-0